[Event "Rodovre-ch C"]
[Site "Rodovre"]
[Date "2006.09.12"]
[Round "2"]
[White "Hviid, Jens1111"]
[Black "Vestergaard, John"]
[Result "1-0"]
[WhiteElo "1356"]
[BlackElo "1362"]
[PlyCount "81"]
[EventDate "2006.09.05"]
[EventType "tourn"]
[EventRounds "7"]
[EventCountry "DEN"]
[SourceTitle "EXT 2023"]
[Source "ChessBase"]
[SourceDate "2022.10.05"]
[SourceVersion "1"]
[SourceVersionDate "2022.10.05"]
[SourceQuality "1"]

1. c4 c5 2. Nc3 Nf6 3. g3 d6 4. Bg2 e5 5. Qb3 Nc6 6. e3 Na5 7. Qc2 Nxc4 8. Nd5 Nb6 9. Nxf6+ Qxf6 10. Ne2 Rb8 11. a4 Na8 12. 0-0 Nc7 13. b3 Be7 14. Bb2 Bf5 15. e4 Bg4 16. f3 Bh5 17. g4 Bg6 18. f4 Qh4 19. f5 Qxg4 20. fxg6 Qxe2 21. gxf7+ Kf8 22. Rae1 Qh5 23. Re3 Bf6 24. b4 b6 25. Rd3 Rd8 26. bxc5 bxc5 27. Ba3 Ne6 28. Rxd6 Rxd6 29. Bxc5 Nxc5 30. Qxc5 Be7 31. Qb5 Rd8 32. d4 g6 33. dxe5 Kg7 34. Qb2 Rhf8 35. e6+ Kh6 36. Qb7 Qc5+ 37. Kh1 Qb6 38. Qxe7 Kg7 39. e5 Qd4 40. Qf6+ Kh6 41. e7 1-0

[Event "Rodovre-ch C"]
[Site "Rodovre"]
[Date "2004.10.19"]
[Round "7"]
[White "Vestergaard, John"]
[Black "Helleshoj, Knud Erik"]
[Result "0-1"]
[WhiteElo "1430"]
[BlackElo "1490"]
[PlyCount "86"]
[EventDate "2004.08.31"]
[EventType "tourn"]
[EventRounds "7"]
[EventCountry "DEN"]
[SourceTitle "EXT 2023"]
[Source "ChessBase"]
[SourceDate "2022.10.05"]
[SourceVersion "1"]
[SourceVersionDate "2022.10.05"]
[SourceQuality "1"]

1. d4 d5 2. c4 c6 3. Nc3 g6 4. Bg5 Bg7 5. e3 Nf6 6. cxd5 cxd5 7. Bb5+ Bd7 8. Qa4 Nc6 9. Nge2 a6 10. Bxc6 Bxc6 11. Qc2 Rc8 12. f3 0-0 13. 0-0 Re8 14. a4 b5 15. axb5 Bxb5 16. Qb3 Bc4 17. Qa4 Qb6 18. b4 h6 19. Bh4 e5 20. dxe5 Qxe3+ 21. Bf2 Qxe5 22. Bd4 Qd6 23. Rf2 Qc6 24. h3 Bxe2 25. Rxe2 Rxe2 26. Nxe2 Qxa4 27. Rxa4 Rc6 28. Nc3 Rc4 29. Bxf6 Bxf6 30. Nxd5 Bd4+ 31. Kh2 Be5+ 32. Kg1 Rd4 33. Ne7+ Kf8 34. Nc6 Rd1+ 35. Kf2 Bd6 36. Rxa6 Rb1 37. Ra8+ Kg7 38. Ra4 Rb2+ 39. Kf1 Bg3 40. Ra1 Rf2+ 41. Kg1 Rc2 42. b5 Rb2 43. Ra5 Rb1# 0-1

[Event "Rodovre-ch C"]
[Site "Rodovre"]
[Date "2004.09.28"]
[Round "5"]
[White "Vestergaard, John"]
[Black "Thrane, Jens S"]
[Result "0-1"]
[WhiteElo "1430"]
[BlackElo "1431"]
[PlyCount "128"]
[EventDate "2004.08.31"]
[EventType "tourn"]
[EventRounds "7"]
[EventCountry "DEN"]
[SourceTitle "EXT 2023"]
[Source "ChessBase"]
[SourceDate "2022.10.05"]
[SourceVersion "1"]
[SourceVersionDate "2022.10.05"]
[SourceQuality "1"]

1. d4 Nf6 2. c4 c5 3. d5 b5 4. b3 bxc4 5. bxc4 g6 6. Bb2 Bg7 7. Nd2 Qa5 8. f3 d6 9. Qb3 Nbd7 10. Bc3 Qc7 11. e4 a5 12. a4 Rb8 13. Qc2 0-0 14. Nb3 Ra8 15. Qd2 Nb6 16. Bxa5 Bd7 17. Ra3 Rfb8 18. Bxb6 Rxb6 19. a5 Rb4 20. Qa2 Rab8 21. a6 Qa7 22. Bd3 Ne8 23. Ne2 Nc7 24. 0-0 R8b6 25. Rb1 Bc8 26. Na5 Rxb1+ 27. Bxb1 Rxa6 28. Nc6 Rxa3 29. Nxa7 Rxa2 30. Bxa2 Bd7 31. Bb1 Bb2 32. Bd3 g5 33. Nb5 Na6 34. Ng3 Nb4 35. Bf1 Kg7 36. Kf2 Kg6 37. Ne2 Bxb5 38. cxb5 c4 39. Ke1 Kf6 40. Kd2 Ke5 41. b6 Na6 42. Kc2 Ba1 43. Nc3 Kd4 44. Na4 e6 45. dxe6 fxe6 46. b7 d5 47. Nb6 Nb8 48. exd5 exd5 49. g3 Kc5 50. Na4+ Kc6 51. f4 gxf4 52. gxf4 Kxb7 53. Bg2 Kc6 54. Nc3 Bxc3 55. Kxc3 Kc5 56. Bh3 d4+ 57. Kc2 Nc6 58. f5 Kd6 59. Bg2 Ne5 60. Bf1 c3 61. Bh3 Ke7 62. Bf1 Kf6 63. Bd3 Nxd3 64. Kxd3 Kxf5 0-1